000 00696nam a22002177a 4500
003 UA-OsUOA
001 94686
007 ta
008 20130218b un ||||| |||| 00| 0 ukr d
100 _aГрабовський С.
090 _a32
_bГ75
942 _cSA
040 _aUA-OsUOA
_bukr
_cUA-OsUOA
_dUA-OsUOA
245 _aСталінградські міфологеми Путіна. Цими днями вперше так відверто було окреслено ідеологічні засади російського неототалітаризму
300 _aС.6
955 _a0
041 _aukr
080 _a32
773 0 _w94684
650 7 _a32 Політика
_2UDC
999 _c380928
_d380928